000 00590nam a2200205 i 4500
001 141427
003 ES-MaACL
007 t|
008 070924s1982 sp ||||1| spa d
100 1 _aVlasov, I.
_9115632
245 1 0 _aQuímica recreativa /
_cI. Vlasov, D. Trifonov.
260 _a[Madrid] :
_bAkal,
_c[1982]
300 _a344 p. :
_bil. ;
_c17 cm.
490 1 _aAkal bolsillo
650 1 7 _aQuímica recreativa
_2embne
_916639
700 1 _aTrifonov, D.
_9111405
830 0 0 _aAkal bolsillo
_9178001
852 _aES-MaACL
_jL-4042
_bR.104405
999 _c141427
_d141427